| 000 | 00592nam a2200217Ia 4500 | ||
|---|---|---|---|
| 008 | 180523s9999 xx 000 0 und d | ||
| 020 | _a81-261-1520-3 | ||
| 050 | _aMAIN HA 29 | ||
| 050 | _b.S65 2006 | ||
| 100 | _aSrivastava, S.C. | ||
| 245 | 0 | _aFundamentals of statistics / | |
| 245 | 0 | _cS.C. Srivastava, Sangya Srivastava. | |
| 260 | _aNew Delhi, India : | ||
| 260 | _bAnmol Publications, | ||
| 260 | _c2006 | ||
| 300 | _a1302 pages : | ||
| 300 | _billustrations ; | ||
| 300 | _c24 cm. | ||
| 500 | _aIncludes bibliographical references and index. | ||
| 650 | _aStatistics. | ||
| 999 |
_c356748 _d356748 |
||